| 000 | 01065nas a2200349 4500 | ||
|---|---|---|---|
| 001 | BR2015001770 | ||
| 003 | BR-BrBNA | ||
| 005 | 20231205125145.0 | ||
| 007 | ta | ||
| 008 | 230509b bl.|||p| |||| 00| 00por d | ||
| 040 |
_aBR-BrBNA _bpor _cBiblioteca Nacional de Agricultura |
||
| 041 | _a(En) | ||
| 072 | _aQ01 | ||
| 100 | 1 | _aMoreira, K.A. | |
| 100 | 1 | _aCavalcanti, M.T.H. | |
| 100 | 1 | _aDuarte, H.S. | |
| 100 | 1 | _aTambourgi, E.B. | |
| 100 | 1 | _aMelo, E.H.M. de | |
| 100 | 1 | _aSilva, V.L. | |
| 100 | 1 | _aPorto, A.L.F. | |
| 100 | 1 | _aLima Filho, J.L. de | |
| 245 | 1 | _aPartial characterization of proteases from streptomyces clavuligerus using an inexpensive medium | |
| 650 | _aFARINHA DE SOJA | ||
| 650 | _aPROTEASE | ||
| 650 | _aENZIMA | ||
| 650 | _aPRODUCAO | ||
| 650 | _aFERMENTACAO | ||
| 773 | 0 |
_tBrazilian Journal of Microbiology (Brazil) _xISSN 1517-8382 _g(Aug-Oct 2001), v. 32(3) p. 215-220 _wBR2015001770 |
|
| 856 | 4 | 0 | _uhttp://www.scielo.br/pdf/bjm/v32n3/7740.pdf |
| 909 |
_a202311 _bLúcia _c55 _dLúcia Elande |
||
| 942 |
_2AGRIS _n0 _cANA |
||
| 999 |
_c242949 _d242949 |
||